000 00709nam a2200229Ii 4500
003 JO-AjNU
008 230605s9999||||xx |||||||||||||| ||und||
017 _a2012/17141
020 _a978-977-350-483-2
040 _aJO-AjNU
_bara
_erda
_cJO-AjNU
041 _aara
050 1 4 _aHD30.28.2013
100 3 _aتمام، ذاكر موسى,
_eauthor
_944505
245 0 0 _aادارة العمران=Urban management
250 _aط1
264 3 1 _aالقاهرة:دار الكتاب الحديث،2013
300 _a148ص
336 _atext
_btxt
_2rdacontent
337 _aunmediated
_bn
_2rdamedia
338 _avolume
_bnc
_2rdacarrier
650 4 _aادارة-العمران-تخطيط المدن
_944506
999 _aA19222
_c22790
_d22790